00599nam a22002057a 450000500170000001000130001702000230003003500130005303700160006604000120008208200160009410000140011024500710012426000450019527000480024030000270028850000330031565000220034865000230037020170124110247.0 aB-062825 c495.00a8120318692 aB-062825 bCen Lib/Ret aDPLbEN a005.43bCAT aCatapult  aMicrosoft Windos Me Millenniumedition step by step /cby Catapult  aNew Delhi bPrentice Hall of Indiac2000 bNew Delhi aM-97, Connaught circus e110001 axxvi, 258p. c22cm(Hb) aIncludes appendix and index  aMicrosoft windos  aOperating systems